Statystyki dla Skoki Narciarskie- Skoczkowie, którzy zajęli 2 miejsce w TCS

Kliknij tutaj aby rozwiązać quiz!

Ogólne statystyki

  • Ten quiz został rozwiązany 106 razy
    (40 od ostatniego zresetowania)
  • Średni wynik to 19 z 70

Statystyki odpowiedzi

HintOdpowiedź% Poprawnych
65Piotr Żyła
89%
71Dawid Kubacki
73%
48Janne Ahonen
73%
49Janne Ahonen
73%
58Janne Ahonen
73%
64Severin Freund
62%
55Gregor Schlierenzauer
59%
57Simon Ammann
59%
59Simon Ammann
59%
60Thomas Morgenstern
59%
56Thomas Morgenstern
59%
62Thomas Morgenstern
59%
69Karl Geiger
57%
47Noriaki Kasai
51%
41Noriaki Kasai
51%
68Marius Lindvik
49%
70Marius Lindvik
49%
67Markus Eisenbichler
49%
43Kazuyoshi Funaki
46%
51Sven Hannawald
46%
46Sven Hannawald
46%
63Michael Hayboeck
43%
61Anders Jacobsen
38%
66Andreas Wellinger
38%
33Matti Nykänen
38%
31Jens Weißflog
32%
42Jens Weissflog
32%
36Jens Weissflog
32%
50Matti Hautamaeki
27%
45Andreas Goldberger
24%
39Andreas Felder
22%
44Ari-Pekka Nikkola
22%
4Josef Bradl
22%
13Bjoern Wirkola
19%
18Bjoern Wirkola
19%
53Martin Hoellwarth
19%
52Martin Hoellwarth
19%
40Martin Hoellwarth
19%
29Armin Kogler
16%
17Jiri Raska
16%
16Jiri Raska
16%
21Hans-Georg Aschenbach
14%
35Vegard Opaas
14%
25Walter Steiner
14%
22Walter Steiner
14%
37Jens Weissflog, Matti Nykaenen
11%
30Roger Ruud
11%
19Ingolf Mork
8%
5Eino Kirjonen
5%
3Eino Kirjonen
5%
2Eino Kirjonen
5%
27Hansjoerg Sumi
5%
26Matthias Buse
5%
10Willi Egger
5%
8Albin Plank
3%
14Dieter Neuendorf
3%
23Edi Federer
3%
38Frantisek Jez
3%
34Franz Neuländtner
3%
1Halvor Naes
3%
20Henry Glass
3%
28Henry Glass
3%
24Karl Schnabl
3%
32Klaus Ostwald
3%
6Nikołaj Szamow
3%
9Otto Leodolter
3%
15Sepp Lichtenegger
3%
12Torbjoern Yggeseth
3%
11Torbjoern Yggeseth
3%
7Walter Habersatter
3%

Rozkład punktacji

Percentyl według liczby udzielonych odpowiedzi

Procent ludzi z każdym wynikiem

Twoja historia wyników

Nie rozwiązałeś tego quizu od ostatniego zresetowania